Social network analysis: history, theory and methodology

Saved in:
Bibliografiske detaljer
Hovedforfatter: Prell, Christina (Author)
Format: Bog
Sprog:engelsk
Udgivet: Londres SAGE Publications Ltd. 2012
Udgivelse:1a. ed
Fag:
Tags: Tilføj Tag
Ingen Tags, Vær først til at tagge denne postø!

MARC

LEADER 00000cam a2200000 a 4500
001 UCE3430
003 CL-VaPUC
008 140905e20120000uk |||||||||||||||||eng|d
020 |a 9781412947152 
082 0 4 |a 305.0151  |b PRE  |2 21 
100 0 |a Prell, Christina  |e author  |9 575903 
245 1 0 |a Social network analysis: history, theory and methodology 
250 |a 1a. ed 
300 |a 263 p 
942 |c BK 
945 |d 20140905 00:55:00  |a dcastane 
260 |a Londres  |b SAGE Publications Ltd.  |c 2012 
650 0 |a Redes sociales   |9 327959 
650 0 |a Modelos matemáticos   |9 259437 
583 |a last modification  |c 20140905 00:55:00  |k Rodrigo Vera 
999 |c 356726  |d 356724 
952 |0 0  |1 0  |3 erb  |4 0  |6 305_015100000000000_PRE_2012  |7 0  |8 A  |9 464286  |a BIBING  |b BIBING  |i 511215K  |o 305.0151 PRE 2012  |p 511215K  |r 2025-01-20  |w 2019-11-23  |y BK  |z Catalogado en:20140905  |k EII